Sinohydro Master Project Agreement(Construction Of Priority Infrastructure Projects) Engineering, Procurement And Construction/Turkey Contract For Rehabilitation Of New Abirem Ofoasekuma-Akim Oda Road (38km) Lot9 (Record no. 4717)

MARC details
000 -LEADER
fixed length control field 00690nam a22001697a 4500
003 - CONTROL NUMBER IDENTIFIER
control field OSt
005 - DATE AND TIME OF LATEST TRANSACTION
control field 20241111160603.0
008 - FIXED-LENGTH DATA ELEMENTS--GENERAL INFORMATION
fixed length control field 241111b |||||||| |||| 00| 0 eng d
041 ## - LANGUAGE CODE
Language code of text/sound track or separate title English
082 ## - DEWEY DECIMAL CLASSIFICATION NUMBER
Classification number PM/MPS/18 Acc. No. 10,237
110 ## - MAIN ENTRY--CORPORATE NAME
Corporate name or jurisdiction name as entry element Ministry Of Roads And Highways
245 ## - TITLE STATEMENT
Title Sinohydro Master Project Agreement(Construction Of Priority Infrastructure Projects) Engineering, Procurement And Construction/Turkey Contract For Rehabilitation Of New Abirem Ofoasekuma-Akim Oda Road (38km) Lot9
260 ## - PUBLICATION, DISTRIBUTION, ETC.
Place of publication, distribution, etc. Accra
Name of publisher, distributor, etc. Ministry Of Roads And Highways
Date of publication, distribution, etc. 2018
300 ## - PHYSICAL DESCRIPTION
Extent 73p. 14Tabs
650 ## - SUBJECT ADDED ENTRY--TOPICAL TERM
Source of heading or term Rehabilitation Of New Abirem Ofoasekuma-Akim Oda Road (38km) Lot9
942 ## - ADDED ENTRY ELEMENTS (KOHA)
Source of classification or shelving scheme Dewey Decimal Classification
Koha item type Agreements
Suppress in OPAC No
Holdings
Withdrawn status Lost status Source of classification or shelving scheme Damaged status Not for loan Home library Current library Shelving location Date acquired Total checkouts Full call number Date last seen Copy number Price effective from Koha item type
    Dewey Decimal Classification     Main Library Main Library Open Shelves 11/11/2024   PM/MPS/18 Acc. No. 10,237 C1 11/11/2024 1 11/11/2024 Agreements
    Dewey Decimal Classification     Main Library Main Library Open Shelves 11/11/2024   PM/MPS/18 Acc. No. 10,238 C2 11/11/2024 2 11/11/2024 Agreements
    Dewey Decimal Classification     Main Library Main Library Open Shelves 11/11/2024   PM/MPS/18 Acc. No. 10,239 C3 11/11/2024 3 11/11/2024 Agreements
    Dewey Decimal Classification     Main Library Main Library Open Shelves 11/11/2024   PM/MPS/18 Acc. No. 10,240 C4 11/11/2024 4 11/11/2024 Agreements
    Dewey Decimal Classification     Main Library Main Library Open Shelves 11/11/2024   PM/MPS/18 Acc. No. 10,241 C5 11/11/2024 5 11/11/2024 Agreements
©2026  Parliament of Ghana Library - All rights reserved